| 000 | 00489nam a2200169 4500 | ||
|---|---|---|---|
| 001 | 108645 | ||
| 003 | ES-MaACL | ||
| 005 | 20230906184659.0 | ||
| 007 | t| | ||
| 008 | 061121s1964 sp r ||||1| spa d | ||
| 100 | 1 |
_aMontguerre, Jean Marc. _982639 |
|
| 245 | 1 | 0 |
_aSan Francisco Javier por los caminos de Oriente / _cJean Marc Montguerre. |
| 250 | _a1.ª ed. | ||
| 260 |
_aBarcelona : _bJuventud, _c1964. |
||
| 300 |
_a174 p. 4 lám. ; _c23 cm. |
||
| 852 |
_aES-MaACL _jC-26374 _bR.55076 |
||
| 999 |
_c108645 _d108645 |
||